Normal view
MARC view
- AYMEN,FAIZA,SADAF
Entry Personal Name
001 - CONTROL NUMBER
- control field: 71429
003 - CONTROL NUMBER IDENTIFIER
- control field: NUST
005 - DATE AND TIME OF LATEST TRANSACTION
- control field: 20210628204633.0
008 - FIXED-LENGTH DATA ELEMENTS
- fixed length control field: 210628|| aca||aabn | a|a d
040 ## - CATALOGING SOURCE
- Original cataloging agency: NUST
- Transcribing agency: NUST
100 ## - HEADING--PERSONAL NAME
- Personal name: AYMEN,FAIZA,SADAF
670 ## - SOURCE DATA FOUND
- Source citation: Work cat.: (NUST): AYMEN,FAIZA,SADAF, PR-SOF-1319-NETWORK ENABLED CARDIAC MONITOR, 2013
